000 00513ntaaa2200193 4500
003 01
005 20251027202637.0
008 0714s1973 ag 01
020 _a9505623119
040 _aAR-BaBN
_bspa
_cAR-BaBN
_eaacr
_dRIC
082 _a372.2180 Es6a
100 _aEsparza, Alicia
_925815
245 _aLa adaptación en el jardín de infantes
250 _a1 ed.
260 _aBuenos Aires :
_bImp. Ind. Grafica del Libro,
_c1983
300 _a118 p ;
_c19 cm
650 _aJardín de infantes
942 _cBK
999 _c21587
_d21587